| 000 | 00393nam a2200145 4500 | ||
|---|---|---|---|
| 003 | OSt | ||
| 008 | 240702b |||||||| |||| 00| 0 eng d | ||
| 020 | _a9781404107212 | ||
| 100 | _aMILLER, Donald | ||
| 245 | _aBuilding a Story Brand: Clarify Your Message So Customers Will Listen | ||
| 260 |
_aNew York _bHarper Collins _c2017 |
||
| 300 | _aix, 228 p. | ||
| 650 | _aGeneral | ||
| 942 |
_2ddc _cBK |
||
| 999 |
_c12728 _d12728 |
||